| 000 | 00663nam a22002177a 4500 | ||
|---|---|---|---|
| 003 | 0 | ||
| 005 | 20251017121514.0 | ||
| 008 | 251017b xxu||||| |||| 00| 0 eng d | ||
| 020 | _a978-1-84749-657-7 | ||
| 050 |
_aPR 6045 _b.O72 2022 |
||
| 100 |
_aWoolf, Virginia, _d1882–1941, _eauthor. |
||
| 245 |
_aTo the lighthouse / _cVirginia Woolf. |
||
| 260 |
_aRichmond : _bAlma Classics, _c2022. |
||
| 300 |
_a226 pages ; _c20 cm. |
||
| 500 | _aIncludes extra material and notes on the text. | ||
| 504 | _aIncludes select bibliography. | ||
| 650 |
_aFamilies _vFiction. |
||
| 650 |
_aWomen painters _vFiction. |
||
| 650 | _aDomestic fiction. | ||
| 942 |
_2lcc _cBK |
||
| 999 |
_c368264 _d368264 |
||